<?xml version="1.0" encoding="UTF-8"?>
<record
    xmlns:xsi="http://www.w3.org/2001/XMLSchema-instance"
    xsi:schemaLocation="http://www.loc.gov/MARC21/slim http://www.loc.gov/standards/marcxml/schema/MARC21slim.xsd"
    xmlns="http://www.loc.gov/MARC21/slim">

  <leader>00319nam a22001217a 4500</leader>
  <datafield tag="040" ind1=" " ind2=" ">
    <subfield code="c">HS</subfield>
  </datafield>
  <datafield tag="082" ind1=" " ind2=" ">
    <subfield code="a">571</subfield>
  </datafield>
  <datafield tag="100" ind1=" " ind2=" ">
    <subfield code="a">&#x1782;&#x17BD;&#x17BD;&#x1799; &#x179F;&#x17BB;&#x1795;&#x179B;</subfield>
  </datafield>
  <datafield tag="245" ind1=" " ind2=" ">
    <subfield code="a">&#x179F;&#x179A;&#x17B8;&#x179A;&#x17C8;&#x179C;&#x17B7;&#x1791;&#x17D2;&#x1799;&#x17B6;&#x179A;&#x17BB;&#x1780;&#x17D2;&#x1781;&#x1787;&#x17B6;&#x178F;&#x17B7; plant physiology</subfield>
  </datafield>
  <datafield tag="260" ind1=" " ind2=" ">
    <subfield code="a">RUA</subfield>
    <subfield code="b">&#x1782;&#x17BD;&#x1799; &#x179F;&#x17BB;&#x1795;&#x179B;</subfield>
    <subfield code="c">1997</subfield>
  </datafield>
  <datafield tag="300" ind1=" " ind2=" ">
    <subfield code="a">210p.</subfield>
  </datafield>
  <datafield tag="942" ind1=" " ind2=" ">
    <subfield code="c">KB</subfield>
  </datafield>
  <datafield tag="999" ind1=" " ind2=" ">
    <subfield code="c">8820</subfield>
    <subfield code="d">8820</subfield>
  </datafield>
  <datafield tag="952" ind1=" " ind2=" ">
    <subfield code="0">0</subfield>
    <subfield code="1">0</subfield>
    <subfield code="4">0</subfield>
    <subfield code="6">571_000000000000000_&#x1782;&#x17BD;&#x1799;_1997_C164</subfield>
    <subfield code="7">0</subfield>
    <subfield code="9">49790</subfield>
    <subfield code="a">LBC</subfield>
    <subfield code="b">LBC</subfield>
    <subfield code="c">C164</subfield>
    <subfield code="d">2016-08-16</subfield>
    <subfield code="l">2</subfield>
    <subfield code="o">571 &#x1782;&#x17BD;&#x1799; 1997 C164</subfield>
    <subfield code="p">RUA42071</subfield>
    <subfield code="r">2022-08-12</subfield>
    <subfield code="s">2022-08-08</subfield>
    <subfield code="y">KB</subfield>
  </datafield>
  <datafield tag="952" ind1=" " ind2=" ">
    <subfield code="0">0</subfield>
    <subfield code="1">0</subfield>
    <subfield code="4">0</subfield>
    <subfield code="6">571_000000000000000_&#x1782;&#x17BD;&#x1799;_1997_C164</subfield>
    <subfield code="7">0</subfield>
    <subfield code="9">53127</subfield>
    <subfield code="a">LBC</subfield>
    <subfield code="b">LBC</subfield>
    <subfield code="c">C164</subfield>
    <subfield code="d">2016-10-18</subfield>
    <subfield code="l">1</subfield>
    <subfield code="o">571 &#x1782;&#x17BD;&#x1799; 1997 C164</subfield>
    <subfield code="p">RUA037224</subfield>
    <subfield code="r">2017-10-17</subfield>
    <subfield code="s">2017-01-14</subfield>
    <subfield code="w">2016-10-18</subfield>
    <subfield code="y">KB</subfield>
  </datafield>
  <datafield tag="952" ind1=" " ind2=" ">
    <subfield code="0">0</subfield>
    <subfield code="1">0</subfield>
    <subfield code="4">0</subfield>
    <subfield code="6">571_000000000000000_&#x1782;&#x17BD;&#x1799;_1997_C164</subfield>
    <subfield code="7">0</subfield>
    <subfield code="9">53128</subfield>
    <subfield code="a">LBC</subfield>
    <subfield code="b">LBC</subfield>
    <subfield code="c">C164</subfield>
    <subfield code="d">2016-10-18</subfield>
    <subfield code="l">1</subfield>
    <subfield code="o">571 &#x1782;&#x17BD;&#x1799; 1997 C164</subfield>
    <subfield code="p">RUA42202</subfield>
    <subfield code="r">2017-02-04</subfield>
    <subfield code="s">2017-01-14</subfield>
    <subfield code="w">2016-10-18</subfield>
    <subfield code="y">KB</subfield>
  </datafield>
  <datafield tag="952" ind1=" " ind2=" ">
    <subfield code="0">0</subfield>
    <subfield code="1">0</subfield>
    <subfield code="4">0</subfield>
    <subfield code="6">571_000000000000000_&#x1782;&#x17BD;&#x1799;_1997_C164</subfield>
    <subfield code="7">0</subfield>
    <subfield code="9">53129</subfield>
    <subfield code="a">LBC</subfield>
    <subfield code="b">LBC</subfield>
    <subfield code="c">C164</subfield>
    <subfield code="d">2016-10-18</subfield>
    <subfield code="o">571 &#x1782;&#x17BD;&#x1799; 1997 C164</subfield>
    <subfield code="p">RUA062130</subfield>
    <subfield code="r">2016-10-18</subfield>
    <subfield code="w">2016-10-18</subfield>
    <subfield code="y">KB</subfield>
  </datafield>
  <datafield tag="952" ind1=" " ind2=" ">
    <subfield code="0">0</subfield>
    <subfield code="1">0</subfield>
    <subfield code="4">0</subfield>
    <subfield code="6">571_000000000000000_&#x1782;&#x17BD;&#x1799;_1997_C164</subfield>
    <subfield code="7">0</subfield>
    <subfield code="9">53130</subfield>
    <subfield code="a">LBC</subfield>
    <subfield code="b">LBC</subfield>
    <subfield code="c">C164</subfield>
    <subfield code="d">2016-10-18</subfield>
    <subfield code="l">4</subfield>
    <subfield code="o">571 &#x1782;&#x17BD;&#x1799; 1997 C164</subfield>
    <subfield code="p">RUA44237</subfield>
    <subfield code="r">2020-08-31</subfield>
    <subfield code="s">2020-08-14</subfield>
    <subfield code="w">2016-10-18</subfield>
    <subfield code="y">KB</subfield>
  </datafield>
  <datafield tag="952" ind1=" " ind2=" ">
    <subfield code="0">0</subfield>
    <subfield code="1">0</subfield>
    <subfield code="4">0</subfield>
    <subfield code="6">571_000000000000000_&#x1782;&#x17BD;&#x1799;_1997_C164</subfield>
    <subfield code="7">0</subfield>
    <subfield code="9">71370</subfield>
    <subfield code="a">LBC</subfield>
    <subfield code="b">LBC</subfield>
    <subfield code="c">C164</subfield>
    <subfield code="d">2018-03-06</subfield>
    <subfield code="l">2</subfield>
    <subfield code="m">1</subfield>
    <subfield code="o">571 &#x1782;&#x17BD;&#x1799; 1997&#x200B; C164 </subfield>
    <subfield code="p">RUA046331</subfield>
    <subfield code="r">2018-04-30</subfield>
    <subfield code="s">2018-03-28</subfield>
    <subfield code="y">KB</subfield>
  </datafield>
</record>
